| 000 | 00606cab a2200217 4500 | ||
|---|---|---|---|
| 001 | WB3407-03 | ||
| 008 | 090401t1998 xxu||||| |||| 00| 0 eng d | ||
| 035 | _a(Sirsi) u84305 | ||
| 041 | _aeng | ||
| 245 | _aCowboy builders | ||
| 260 | _c1998 | ||
| 350 | _a0 | ||
| 490 |
_aBuilding _v263(7) 13 February 1998, 11(1) |
||
| 520 | _aThe director-general of fair trading has proposed a plan for the BSI to monitor cowboy builders. | ||
| 650 | _aBRITISH STANDARDS INSTITUTION | ||
| 650 | _aCOWBOY BUILDERS | ||
| 650 | _aMONITORING | ||
| 690 | _aBUILT ENVIRONMENT | ||
| 942 | _n0 | ||
| 948 | _c17/02/1998 | ||
| 999 |
_c52976 _d52976 |
||